[Event "Sochi"]
[Site "Sochi"]
[Date "1993.??.??"]
[Round "?"]
[White "Ryskin, Alexander"]
[Black "Aseev, Konstantin N"]
[Result "0-1"]
[WhiteElo "2515"]
[BlackElo "2490"]
[Annotator "Dautov,R"]
[PlyCount "68"]
[EventDate "1993.09.??"]
[EventType "tourn"]
[EventRounds "13"]
[EventCountry "RUS"]
[EventCategory "10"]
[SourceTitle "CBM 038"]
[Source "ChessBase"]
[SourceDate "1994.02.01"]
[SourceVersion "1"]
[SourceVersionDate "1994.02.01"]
[SourceQuality "1"]

1. d4 Nf6 2. c4 e6 3. Nf3 b6 4. a3 Bb7 5. Nc3 d5 6. Qc2 c5 $5 {N} 7. cxd5 exd5
(7... Nxd5 $5 8. e4 (8. Nxd5 Qxd5 $10) 8... Nxc3 9. bxc3 Nd7) 8. e4 $5 (8. Bg5
Be7 9. e3 O-O 10. Bd3 Nbd7 $14) (8. g3 Be7 9. Bg2) (8. Bf4 $5 {/\e3}) 8... dxe4
(8... Nxe4 9. Nxe4 dxe4 10. Bb5+ Bc6 11. Qxe4+ Qe7 12. Ne5 Bxb5 13. Qxa8 $16)
9. Bb5+ Bc6 (9... Nbd7 $5 10. Ne5 a6 $1 (10... cxd4 $2 11. Bg5 $16) 11. Qb3 (
11. Bc4 cxd4 $1 12. Nxf7 (12. Bxf7+ $2 Ke7 13. Qb3 Nc5 $19) 12... Qc7 $17)
11... Qe7 12. Bc4 (12. Bxd7+ Nxd7 13. Nxd7 Qxd7 $17) (12. Bc6 Bxc6 13. Nxc6 Qe6
14. d5 Qg4 15. O-O Bd6 $17) 12... cxd4 (12... Nxe5 13. dxe5 Nd7 14. e6 $36) 13.
Nxf7 (13. Bxf7+ Kd8 14. Nxd7 Nxd7 15. Bd5 Nc5 16. Qxb6+ Qc7 17. Bg5+ Kd7 18.
Qxc7+ Kxc7 19. Bf4+ Kc8 20. Bxb7+ Kxb7 $17) 13... dxc3 14. Nxh8 Nc5 $5 15. Qxb6
(15. Bf7+ Kd7 16. Qxc3 Nd3+ 17. Kf1 Rc8 $44) 15... Nd3+ 16. Kf1 $13) 10. Ne5 $1
Bxb5 11. Qb3 $40 Qe7 (11... Qxd4 $2 12. Qxb5+ Nbd7 13. Bf4 $16) 12. Qxb5+ Nbd7
13. Qc6 $1 (13. Bg5 cxd4 14. Qc6 (14. Bxf6 gxf6 15. Qc6 Rd8 16. Nd5 $10) 14...
Rd8 15. Nb5 Qxe5 16. Nc7+ Ke7 17. Nd5+ Ke8 18. Nc7+ $10) 13... Qd8 (13... Rd8
$2 14. Nb5 $16) (13... Rb8 $2 14. Bg5 cxd4 15. Bxf6 gxf6 16. Nxd7 Qxd7 17. Qxf6
dxc3 18. Qe5+ $1 $18) 14. Nxd7 (14. Bg5 $5 Qc8 (14... Rc8 15. Qa4 cxd4 (15...
Be7 16. Nc6 Qc7 17. Nxe7 Kxe7 18. Nd5+ $18) 16. Nxe4 $16) 15. Qa4 cxd4 (15...
Be7 16. O-O-O $40) 16. Nb5 $36 (16. Qxd4 Bc5)) 14... Nxd7 15. O-O (15. Qxe4+
Qe7 16. Qxe7+ Bxe7 17. Nd5 Bd6 $10) 15... Be7 16. dxc5 (16. Rd1 $5 Rc8 (16...
Qc8 17. Qxe4 Nf6 18. Qe2 $16) 17. Qa4 cxd4 18. Rxd4 $16) 16... Rc8 17. Qa4 Rxc5
18. Rd1 Qc8 (18... f5 19. Qxa7 Rc7 20. Qa4 $16) 19. Be3 $6 (19. Nd5 $1 {>=} Bd6
(19... Rc4 20. Qxa7 $16 (20. Nxe7 Kxe7 21. Rxd7+ $2 Ke6 $1 $17)) 20. Qxe4+ $16)
19... Ra5 20. Qd4 (20. Qxe4 Nf6 21. Qd3 O-O $10) 20... Nf6 $10 21. b4 Rh5 22.
Rac1 $6 (22. Nxe4 O-O 23. Rac1 Qb8 $10) 22... Qe6 $15 23. Nxe4 $5 Nxe4 24. Qxe4
Qxe4 25. Rc8+ Bd8 26. Rdxd8+ Ke7 27. Rxh8 Rd5 $1 28. Rhe8+ Kf6 29. h3 Rd1+ 30.
Kh2 Qd5 31. Bf4 Kg6 32. Re5 Qd7 33. Rg5+ Kf6 34. Rc3 Rd5 $138 (34... Rd5 35.
Rxd5 Qxd5 36. h4 Qd4 37. Rf3 $15) 0-1

[Event "Altensteig"]
[Site "Altensteig"]
[Date "1994.??.??"]
[Round "1"]
[White "Ribli, Zoltan"]
[Black "Almasi, Zoltan"]
[Result "1/2-1/2"]
[WhiteElo "2605"]
[BlackElo "2620"]
[Annotator "Dautov,R"]
[PlyCount "84"]
[EventDate "1994.08.??"]
[EventType "tourn"]
[EventRounds "11"]
[EventCountry "GER"]
[EventCategory "12"]
[SourceTitle "CBM 043"]
[Source "ChessBase"]
[SourceDate "1994.12.01"]
[SourceVersion "1"]
[SourceVersionDate "1994.12.01"]
[SourceQuality "1"]

1. d4 Nf6 2. Nf3 e6 3. c4 b6 4. Nc3 Bb7 5. a3 d5 6. cxd5 Nxd5 7. Qc2 Nxc3 8.
bxc3 Be7 9. e4 O-O 10. Bd3 c5 11. O-O cxd4 (11... Qc8 12. Qe2 Ba6) 12. cxd4 Qc8
13. Qe2 Ba6 14. Rd1 (14. Bb2 Bxd3 15. Qxd3 Nd7 16. Rac1 Qb7 $10) (14. Bf4 Bxd3
15. Qxd3 Qa6 16. Qe3 Nd7 17. h4 Rac8 18. h5 h6 $10) 14... Bxd3 15. Rxd3 Nd7 16.
Bb2 (16. Bg5 $6 Bxg5 17. Nxg5 h6 18. Nh3 Qc4 19. Nf4 Nf6 20. Re1 Rfd8 21. Qd1
Rac8 $15 {Peshina-Gurevich,M/Eger op/1987}) 16... Qa6 17. Rad1 Rfe8 18. h4 $146
(18. Qe3 Rac8 19. d5 exd5 20. Rxd5 Nf8 21. h4 Qa4 22. R1d4 {0,5/
Bareev-Rodriguez,Am/Sochi/1988/} Qc2 23. Rd2 Qb1+ {/\ Rc2,Ne6}) 18... Qb5 (
18... Rac8 $5 19. h5 h6 {/\Qa4}) 19. g3 Rac8 20. Kg2 Qa4 21. R1d2 (21. d5 exd5
22. Rxd5 Rc2 23. R1d2 Rxd2 24. Qxd2 Nf6 25. Rd4 Qc6 $10) 21... Bf8 (21... Bd6
$2 22. d5 Nc5 (22... exd5 23. Rd4 Qc6 24. Rxd5 $18) 23. Rd4 Qb3 24. dxe6 $16)
22. Qe3 Rc2 23. Qf4 Rxd2 24. Nxd2 Qc2 (24... Rc8 $5 25. Rf3 f6 26. Qg4 f5 27.
exf5 Nf6 28. Qg5 Qc2 $13) 25. Rf3 f6 26. Bc3 Rc8 (26... Bxa3 $2 27. Qc7 Nf8 28.
Qxa7 Bc1 29. Nc4 Rd8 30. e5 b5 31. Nd6 Rd7 32. Qb8 $16) (26... e5 27. Qg4 Qa4
28. dxe5 Nxe5 29. Bxe5 fxe5 30. Qf5 $36) 27. Bb4 Bxb4 28. axb4 Qd1 {/\Rc1} 29.
Nb3 Nf8 30. h5 h6 31. e5 f5 (31... Nh7 32. exf6 Nxf6 33. Qe5 Kf7 34. g4 $40)
32. g4 Nh7 (32... fxg4 33. Qxg4 {/\Rf8} Qc2 34. d5 $1 exd5 35. Nd4 Qc7 36. Nf5
$16) 33. gxf5 Ng5 34. Rg3 (34. Re3 Qxh5 35. f6 (35. fxe6 Nxe6 $13) 35... Qg6
36. fxg7 (36. Rg3 gxf6 37. exf6 Kf7 $17) 36... Kxg7 37. Rg3 Kh7 38. Qe3 Qe4+
$10) 34... exf5 (34... Qxh5 35. f6 Rf8 (35... Qg6 36. Qe3 $16 {/\f4}) 36. Qe3
$16) 35. e6 $2 (35. Qxf5 Rf8 36. Qd3 Qxh5 37. d5 (37. Qc4+ Kh8 38. Nd2 Qd1 $13)
37... Qf7 38. f3 Rd8 39. d6 Ne6 40. Qe4 Nf4+ 41. Kf2 Rc8 $132) 35... Re8 $1 (
35... Nxe6 $5 36. Qxf5 (36. Qe5 Re8 37. d5 Qe2 $1 38. Qxf5 Qxh5 $1) 36... Re8 {
/\Qh5} 37. Re3 Nc7 38. Rf3 (38. Rxe8+ Nxe8 39. Qe6+ Kf8 $10) 38... Re1 39. Qf7+
Kh7 $1 40. Qxc7 (40. Qg6+ Kg8 $10) 40... Rg1+ 41. Kh2 Rg5 42. Rg3 Rxh5+ 43. Rh3
Rxh3+ 44. Kxh3 Qxb3+ $15) 36. Qxf5 Rf8 $1 37. Qd5 Qe2 38. e7+ Rf7 39. e8=Q+ $8
Qxe8 40. Nc1 Kh8 41. Nd3 Rd7 42. Re3 Qc8 1/2-1/2

[Event "Ter Apel"]
[Site "Ter Apel"]
[Date "1995.??.??"]
[Round "5"]
[White "Van Wely, Loek"]
[Black "Epishin, Vladimir"]
[Result "1/2-1/2"]
[WhiteElo "2575"]
[BlackElo "2635"]
[Annotator "Dautov,R"]
[PlyCount "128"]
[EventDate "1995.03.??"]
[EventType "tourn"]
[EventRounds "5"]
[EventCountry "NED"]
[EventCategory "16"]
[SourceTitle "CBM 047"]
[Source "ChessBase"]
[SourceDate "1995.08.01"]
[SourceVersion "1"]
[SourceVersionDate "1995.08.01"]
[SourceQuality "1"]

1. d4 Nf6 2. c4 e6 3. Nf3 b6 4. a3 Bb7 5. Nc3 d5 6. Bg5 Be7 7. Qa4+ Qd7 {N} (
7... c6) (7... Nbd7) 8. Qxd7+ (8. Qc2 $1 {>=} dxc4 9. e3 (9. e4 b5 $15) 9...
Bxf3 10. gxf3 Qc6 (10... b5 $2 11. Bxf6 Bxf6 12. Qe4 c6 13. Nxb5 $16) 11. Bxf6
Bxf6 12. Qe4 $14) 8... Nbxd7 9. Nb5 Kd8 (9... Bd6 10. cxd5 Bxd5 (10... exd5 11.
Rc1 $14) 11. Rc1 Kd8 12. e3 (12. Nd2 h6 13. Bh4 g5 14. Bg3 Bxg3 15. hxg3 c5 $10
) 12... h6 13. Bh4 a6 (13... g5 14. Bg3 Ne4 15. Bd3 $14) 14. Nxd6 cxd6 15. Nd2
Ke7 16. f3 Rhc8 17. Rxc8 Rxc8 18. Kd1 b5 19. e4 Bb7 20. Bd3 $14) (9... Bd8 $5
10. cxd5 (10. Rc1 $2 a6) (10. Bf4 dxc4 11. Bxc7 O-O $10) 10... Bxd5 (10... Nxd5
11. Bxd8 (11. e4 N5f6 $10) 11... Kxd8 12. e4 N5f6 13. e5 Nd5 $10) 11. Rc1 c6 (
11... c5 $5) 12. Nc3 c5 $132) 10. cxd5 exd5 (10... Bxd5 11. Bf4 (11. Rc1 c5)
11... c6 12. Nd6 Bxd6 13. Bxd6 Ne4 14. Bf4 c5 $10) (10... Nxd5 11. e4 N5f6 12.
e5 Nd5 (12... Bxf3 $5) 13. Rc1 f6 $10) 11. Bf4 c6 12. Nd6 Bxd6 13. Bxd6 Ne4 14.
Bf4 Re8 $2 (14... Ba6 $1 15. Rc1 Rc8 16. e3 Bxf1 17. Kxf1 a5 $10) 15. e3 f6 16.
h4 $14 a5 (16... c5 17. dxc5 bxc5 18. Be2 $14) 17. Rc1 Nf8 (17... Re6 {/\Ba6}
18. g3 $14) 18. Nd2 Nxd2 19. Kxd2 Ne6 20. Bh2 Ke7 21. Bd3 h6 22. Bf5 a4 23. Rc3
Ra5 24. Rhc1 {/\Rxc6} Rc8 25. f3 Rb5 26. R1c2 c5 27. Kc1 h5 28. Bg1 Kf7 (28...
c4 $5) 29. e4 Re8 (29... c4 $5 30. exd5 Bxd5 31. Be4 Rd8 $8 32. Rd2 g6 {/\} 33.
Bxd5 Rbxd5 34. Rxc4 b5 $10) 30. dxc5 bxc5 31. exd5 Bxd5 32. Rd2 (32. Bxc5 Bb3
33. Bd3 Rbb8 34. Re2 Nf4 35. Rxe8 Rxe8 $132) 32... c4 $2 (32... Nd4 $1 33. Bxd4
Re1+ 34. Rd1 Rxd1+ 35. Kxd1 cxd4 36. Rc7+ Kf8 37. Kc1 $14) 33. Bc2 $16 Ra8 34.
Rxd5 $1 Rxd5 35. Be4 Nf4 (35... Re5 36. Bxa8 Re1+ 37. Kd2 Rxg1 38. Rxc4 Rxg2+
39. Kc3 $16) 36. Bxd5+ Nxd5 37. Rxc4 g5 38. hxg5 fxg5 39. Kd2 (39. Kc2 h4 {
/\Nf4}) 39... Ke6 40. Bh2 Kf5 41. Rc5 Ke6 42. Rc4 Kf5 43. g4+ (43. Rd4 $5)
43... hxg4 44. fxg4+ Ke6 45. Re4+ Kd7 46. Be5 Re8 47. Kd3 Re6 48. Rxa4 $2 (48.
Kd4 $142 Ne7 49. Re3 $16) 48... Rxe5 49. Kd4 Nb6 50. Kxe5 Nxa4 51. b4 Nc3 52.
Kf5 Kc6 53. Kxg5 Nb5 54. a4 Nc3 55. b5+ Kc7 (55... Kb6 56. Kf5 Nxa4 57. g5 Nc3
58. Ke5 (58. Ke6 Ne2 59. Ke5 Ng3 $10) 58... Nd1 59. g6 (59. Kd4 Nf2 60. Ke3
Nd1+ (60... Ng4+ 61. Kf4 Nf2 62. g6 $18) 61. Kf3 Nc3 $10) 59... Ne3 60. Kf6
Nd5+ 61. Kf7 Ne3 $10) 56. Kf6 Nxa4 57. g5 Nb6 58. Ke6 (58. g6 Nd5+ 59. Kf7 Ne3
$10) 58... Nd7 59. b6+ Kc6 60. b7 Nc5+ 61. Ke5 Nxb7 62. g6 Nd6 63. g7 Nf7+ 64.
Kf6 Nh6 1/2-1/2

[Event "CRO-ch"]
[Site "Slavonski Brod"]
[Date "1995.??.??"]
[Round "?"]
[White "Lalic, Bogdan"]
[Black "Sulava, Nenad"]
[Result "0-1"]
[WhiteElo "2590"]
[BlackElo "2420"]
[Annotator "Dautov,R"]
[PlyCount "76"]
[EventDate "1995.02.??"]
[EventType "tourn"]
[EventRounds "13"]
[EventCountry "CRO"]
[EventCategory "10"]
[SourceTitle "CBM 048"]
[Source "ChessBase"]
[SourceDate "1995.10.01"]
[SourceVersion "1"]
[SourceVersionDate "1995.10.01"]
[SourceQuality "1"]

1. d4 e6 2. c4 b6 3. a3 Bb7 4. Nc3 Nf6 5. Nf3 g6 6. d5 Bg7 7. g3 O-O 8. Bg2 c6
9. dxe6 dxe6 10. Qc2 $6 {N} (10. O-O Qe7 $1 11. Qc2 c5 12. Bf4 Nc6 $10) (10.
Bf4 $1 {>=} c5 (10... Qc8 11. O-O Nh5 12. Be5 Rd8 13. Qc2 $14 {Muse-Hecht/BL
8687}) 11. O-O $1 (11. Nb5 a6 $1 (11... Qxd1+ 12. Rxd1 a6 13. Nd6 Bc6 14. O-O
$14) 12. Qxd8 (12. Nd6 $6 Bc6 {/\Ra7-d7}) 12... Rxd8 13. Nd6 Bxf3 14. Bxf3 Ra7
$10) 11... Bc6 (11... Nbd7 $6 12. Qc2 Qe7 13. Rfd1 Ne8 14. Rd2 Bc6 15. Rad1 $16
{Kalinichev-Atlas/Minsk/1987}) (11... Nc6 $6 12. Nb5 Qxd1 13. Raxd1 $16 Na5 14.
Nd6 Nh5 $2 15. b4 $18 {Dydyshko,V-Tunik,G/Minsk 1995}) 12. Qc2 (12. Nb5 a6 13.
Nc7 Ra7 $13) 12... a6 13. Rad1 Qc8 14. Rd2 Ra7 15. Rfd1 Rd7 $13 {Kapengut})
10... c5 11. O-O Nc6 12. Rd1 Qe7 $10 13. e4 $2 {[%csl Rd4] ><d4} (13. Bg5 h6
14. Bxf6 Bxf6 15. Ne4 Rfd8 16. Nxf6+ Qxf6 $10) (13. Bf4 Rfd8 $10) 13... Rfd8 {
/\Nd4} (13... Ng4 $1 14. Bg5 f6 (14... Bf6 15. Bxf6 Qxf6 16. Rd7 $13) 15. Bf4
Nd4 16. Nxd4 cxd4 $15) 14. Rxd8+ Rxd8 15. e5 Ng4 16. Bg5 Nd4 $1 17. Bxe7 $2 (
17. Qc1 $2 f6 18. exf6 Bxf6 19. Bxf6 Qxf6 $19) (17. Nxd4 $1 {>=} Qxg5 18. f4 $1
(18. Bxb7 $2 cxd4 19. f4 Qe7 $17) 18... Qh5 (18... Qe7 19. Nc6 Bxc6 20. Bxc6 f6
(20... g5 $5) 21. Qe2 Nh6 22. exf6 Qxf6 23. Re1 Rd6 24. Bg2 $10) 19. Bxb7 cxd4
20. Ne4 $13) 17... Nxc2 18. Rc1 (18. Bxd8 Nxa1 19. Bc7 Bxf3 20. Bxf3 Nxe5 $17)
18... Rd7 $17 19. Bxc5 (19. Rxc2 Rxe7 $17 {><e5}) (19. Bd6 Nd4 $17) 19... Bxf3
20. Bxf3 Nxe5 21. Be4 (21. Be2 Rd2 $17) 21... bxc5 22. Rxc2 Nxc4 {/\Nxb2} 23.
Nb5 (23. Na4 Rd4 24. Nxc5 (24. Re2 Nd2 (24... Bf8 $17) 25. Bc2 Rd5 $17) 24...
Nxb2 $17) 23... Nb6 (23... Nxb2 $6 24. Rxc5 $15 {/\Rc8-a8,><a7}) 24. Bc6 Rd1+
25. Kg2 a6 26. Nc7 a5 27. Bf3 (27. Rxc5 $2 Rd2 28. Rxa5 $2 Rc2 $19) 27... Rb1
28. Rxc5 Bd4 $1 {[%csl Rf2] Die richtige Entscheidung. Schwarz soll R auf dem
Brett behalten, da er dann immer den schwachen Pf2 angreifen kann.} (28... Rxb2
29. Rb5 Rxb5 30. Nxb5 Kf8 $17) 29. Rc2 (29. Rb5 Rc1 $1 30. Na8 Rc2 $17) (29.
Rxa5 Rxb2 $17) 29... Bxb2 30. Nb5 Bf6 31. Be2 Nd5 32. Rc8+ Kg7 33. Nd6 $6 (33.
Rc2 Be7 34. Bc4 Nb6 35. Be2 Rb3 $17 {[%csl Ra3] ><a3}) 33... Bd4 34. Nc4 Rc1
$19 {/\Rc2} 35. Rc6 (35. Nd6 Rxc8 36. Nxc8 Bc5 $19) 35... Rc2 36. Kf1 Nc3 37.
Nxa5 Rxe2 38. Rxc3 Rxf2+ 0-1

[Event "Linares 11th"]
[Site "Linares"]
[Date "1993.??.??"]
[Round "7"]
[White "Kramnik, Vladimir"]
[Black "Bareev, Evgeny"]
[Result "1/2-1/2"]
[WhiteElo "2685"]
[BlackElo "2670"]
[Annotator "Dautov,R"]
[PlyCount "87"]
[EventDate "1993.02.??"]
[EventType "tourn"]
[EventRounds "13"]
[EventCountry "ESP"]
[EventCategory "18"]
[SourceTitle "CBM 034"]
[Source "ChessBase"]
[SourceDate "1993.06.01"]
[SourceVersion "1"]
[SourceVersionDate "1993.06.01"]
[SourceQuality "1"]

1. d4 Nf6 2. c4 e6 3. Nf3 b6 4. a3 Bb7 5. Nc3 d5 6. cxd5 Nxd5 7. e3 Be7 8. Bb5+
c6 9. Bd3 Nd7 10. e4 Nxc3 11. bxc3 Qc7 (11... c5 12. O-O O-O 13. Bf4 $14) 12.
O-O c5 13. e5 (13. Be3 O-O 14. Nd2 Rfd8 15. Qe2 Rac8 16. e5 cxd4 17. cxd4 Qc3
18. Ne4 Qb3 19. Rfb1 Qa4 20. Rb2 Bxe4 $2 (20... a6 $142 $13) 21. Bb5 Qxa3 22.
Rxa3 Bxa3 23. Ra2 $16 {Vaganian,R-Makarichev,S URS-ch 1979}) 13... O-O (13...
c4 14. Be2 (14. Bc2 $5) 14... b5 15. a4 b4 16. cxb4 Bxb4 17. Qc2 Rc8 18. Ba3 a5
19. Rfb1 Qb6 20. Bxb4 axb4 21. a5 b3 22. Qxc4 Rxc4 23. axb6 Rb4 24. Nd2 $16 {
Greenfeld,A-Veinger,I Munich zt 1987}) 14. Ng5 (14. Be3 $5 Rfd8 15. Ng5 $14)
14... Bxg5 15. Bxg5 f5 $1 16. exf6 (16. Be7 $5 Nxe5 (16... Rf7 17. Bd6 Qc6 18.
f3 $14) 17. Bxf8 Ng4 18. f4 Rxf8 (18... Ne3 19. Qe2 Nxf1 20. Qxe6+ Kxf8 21.
Qxf5+ Qf7 22. Qxf7+ Kxf7 23. Rxf1 $14) 19. Qe2 Qc6 20. Bb5 Qd6 $44) 16... Nxf6
17. Qe2 Rae8 18. Bb5 (18. Rfe1 Nd5 19. Bd2 cxd4 20. cxd4 Nf4 $10) 18... Bc6 (
18... Re7 19. Bh4 $14) 19. Bxf6 (19. Bxc6 Qxc6 $10) (19. dxc5 Bxb5 20. Qxb5 Ng4
21. g3 Qe5 22. Bf4 Qh5 $36) 19... Bxb5 (19... Rxf6 20. dxc5 bxc5 21. Rad1 $14)
20. Qxb5 gxf6 21. Rfe1 (21. Rad1 $5 Rd8 (21... cxd4 22. cxd4 Rd8 23. d5 $14)
22. Qe2 Rd6 23. dxc5 $5 (23. Rfe1 cxd4 24. cxd4 Kh8 $10) 23... Qxc5 24. Rxd6
Qxd6 25. Rd1 Qc6 26. Rd3 Kh8 $10) 21... cxd4 22. cxd4 Qd6 $10 23. Rad1 (23. Qd3
Qd5 $10) 23... Qxa3 24. d5 e5 25. d6 Kh8 26. f4 (26. d7 Rd8 27. Re4 Qc5 $10)
26... Qc5+ 27. Qxc5 bxc5 28. d7 Rd8 29. fxe5 fxe5 30. Rxe5 Kg7 31. Rg5+ Kf6 32.
Rxc5 Rf7 33. Rc7 a5 34. Ra7 Kg7 35. h4 a4 36. Kh2 a3 37. Rxa3 Rfxd7 38. Re1 Rd4
39. Re7+ Kh8 40. g3 R4d7 41. Ree3 Rd1 42. Kh3 Rh1+ 43. Kg4 Rhd1 44. Kh3 1/2-1/2

[Event "Hoogovens op"]
[Site "Wijk aan Zee"]
[Date "1993.01.??"]
[Round "7"]
[White "Shirov, Alexei"]
[Black "Van der Wiel, John"]
[Result "1/2-1/2"]
[WhiteElo "2670"]
[BlackElo "2555"]
[Annotator "Dautov,R"]
[PlyCount "154"]
[EventDate "1993.01.??"]
[EventType "swiss"]
[EventRounds "12"]
[EventCountry "NED"]
[SourceTitle "CBM 034"]
[Source "ChessBase"]
[SourceDate "1993.06.01"]
[SourceVersion "1"]
[SourceVersionDate "1993.06.01"]
[SourceQuality "1"]

1. d4 Nf6 2. c4 e6 3. Nf3 b6 4. a3 Bb7 5. Nc3 d5 6. cxd5 Nxd5 7. e3 g6 8. Nxd5
exd5 9. b4 (9. Bd2 Bg7 10. h4 O-O 11. h5 Nd7 12. Rc1 Rc8 13. b4 c6 14. Bd3 Qe7
15. Bc3 c5 $132 {Kramnik,V-Olafsson,H Manila olm 1992}) 9... Nd7 (9... Bg7 10.
Be2 O-O 11. O-O c6 12. a4 a6 13. Bb2 Nd7 14. Qb3 b5 15. a5 Re8 16. Rac1 Re6 17.
Rc2 Qe7 18. Ne1 Re8 19. Nd3 Kh8 20. Rfc1 f5 21. Bf3 Qd6 22. g3 g5 23. Qc3 R6e7
24. Qd2 $14 {Kramnik,V-Lutz,C BL 9293}) 10. Be2 (10. Bd3 Bd6 11. O-O O-O 12.
Qb3 a6 13. a4 Qe7 14. Bd2 Nf6 15. b5 axb5 16. axb5 Ne4 17. Rxa8 (17. Bc3 $142
Nxc3 18. Qxc3 $14) 17... Rxa8 18. Bc1 Qd8 19. Bb2 Bc8 20. Qc2 Be6 21. Ne5 Bxe5
22. dxe5 Nc5 23. Be2 Ra2 $132 {Timman,J-Kurajica,B Indonesia 1983}) 10... Bd6
$5 {N} (10... Bg7) 11. Bb2 (11. O-O O-O 12. Qb3 {/\a4,b5}) 11... a6 $1 (11...
O-O 12. b5 $5 a6 (12... c5 13. bxc6 Bxc6 14. O-O b5 15. Ne5 $14) 13. a4 axb5
14. axb5 Bb4+ 15. Kf1 Rxa1 16. Qxa1 Qe7 17. g3 Ra8 18. Qc1 Nf6 19. Kg2 $14) 12.
Ne5 O-O (12... Qe7 13. Nd3 O-O 14. Qb3 Nf6 15. Nc5 Bc8 $132) 13. Rc1 Re8 14.
Nc6 (14. Nd3 Nf6 15. O-O Ne4 $10) 14... Bxc6 15. Rxc6 b5 $1 16. Qb3 Nb6 17.
Rxb6 $5 cxb6 18. Bf3 Qd7 19. Bxd5 Rad8 $1 20. Bf3 $8 Rc8 21. Kd2 $6 (21. h4 Qf5
$1) (21. O-O $5 Qc7 22. Bd5 $1 (22. g3 Qc2 23. Bd5 Qxb3 24. Bxb3 a5 $15) 22...
Bxh2+ 23. Kh1 Bd6 24. e4 Bf8 (24... Bf4 25. e5 $44) 25. e5 {/\e6} Qd7 26. Re1
$1 (26. Be4 Rc4 $1) 26... Rcd8 27. Bf3 $44) 21... a5 $17 22. Rc1 (22. Bc3 Rc4
23. bxa5 (23. Bd5 Qf5 $1 $17) 23... Rec8 $17) 22... Rxc1 23. Bxc1 Rc8 24. Bb2
axb4 (24... Bxh2 $1 25. g3 h5 26. Be4 h4 27. gxh4 Qg4 28. Bd5 Qf5 $17 {/\a4})
25. axb4 Bxh2 26. g3 h5 27. Be4 h4 28. gxh4 (28. Bxg6 hxg3 (28... Rc6 29. Be4
Rf6 30. f4 Bxg3 31. d5 $132) 29. fxg3 Bxg3 $17) 28... Qg4 29. Bd5 Qf5 30. f3
Bg1 31. Be4 Qh3 32. Qd1 Bf2 33. Qe2 Bxh4 34. Qxb5 Be7 $1 35. Ba3 Qh2+ 36. Qe2
Qxe2+ 37. Kxe2 Rc3 38. Bb2 Rb3 39. Bc1 Bxb4 40. Kd1 Be7 41. Kc2 Rb5 42. Bc6 Rh5
(42... Ra5 $142 $1 43. e4 g5 44. e5 f6 $19) 43. e4 {/\e5,f4,d5} g5 44. e5 f6
45. Kd3 (45. exf6 $6 Bxf6 46. Kd3 Rh1 47. Be3 Rb1 48. Kc4 Kf7 $19) 45... fxe5
46. dxe5 Rh6 47. Bd7 Rh1 48. Bd2 Kg7 49. Kc4 Rd1 50. Bc3 Kg6 51. Ba4 Rf1 52.
Bc2+ Kf7 53. Be4 Rc1 (53... Ke6 $1 54. Bd5+ (54. Kb5 Bd8 {/\Bc7}) 54... Kf5 55.
Be4+ Kf4 56. Kd5 Rd1+ 57. Ke6 Bc5 58. Bc6 Rd3 59. Bb2 Rxf3 60. Bxf3 Kxf3 $19)
54. Bd5+ Kf8 55. Bc6 Kg7 56. Be8 Bc5 57. Kd3 Kf8 58. Bc6 Be7 (58... Ke7 59. Bd2
Rg1 60. Ke4) 59. Kd2 Rf1 60. Kd3 b5 61. Bxb5 Rxf3+ 62. Kd2 g4 (62... Bc5 $142
$17) 63. Bd4 g3 64. Bc6 Rf4 65. Ke3 Rg4 66. Bg2 Bg5+ 67. Kd3 Rh4 68. Bc5+ Kg7
69. Ke2 $10 Rc4 70. Bd6 Rc3 71. e6 Re3+ 72. Kf1 Bh4 73. Bh3 Re1+ 74. Kg2 Re2+
75. Kf3 g2 76. Bxg2 Rxe6 77. Bf4 Bf6 1/2-1/2

[Event "Haifa"]
[Site "Haifa"]
[Date "1995.??.??"]
[Round "10"]
[White "Akopian, Vladimir Eduardovic"]
[Black "Gurevich, Mikhail"]
[Result "1/2-1/2"]
[WhiteElo "2655"]
[BlackElo "2605"]
[Annotator "Dautov,R"]
[PlyCount "92"]
[EventDate "1995.01.??"]
[EventType "tourn"]
[EventRounds "11"]
[EventCountry "ISR"]
[EventCategory "14"]
[SourceTitle "CBM 046"]
[Source "ChessBase"]
[SourceDate "1995.06.01"]
[SourceVersion "1"]
[SourceVersionDate "1995.06.01"]
[SourceQuality "1"]

1. d4 Nf6 2. c4 e6 3. Nf3 b6 4. a3 Bb7 5. Nc3 d5 6. cxd5 Nxd5 7. Bd2 Nd7 8. Qc2
c5 9. e4 Nxc3 10. Bxc3 cxd4 11. Nxd4 a6 12. g3 Qc7 13. Bg2 Be7 {N} (13... Bc5
14. Rc1 $1 (14. Qe2 O-O 15. O-O Rac8 16. Rfd1 Rfd8 17. Rac1 Bf8 18. Qe3 Nc5 19.
Be1 $6 Qd7 20. Rd2 Qa4 21. b4 Nd7 $15 {Akopian,V-Salov,V/Tilburg/1994}) 14...
O-O 15. O-O Rac8 (15... Rad8 $142) 16. Nb3 Be7 (16... Qb8 17. Nxc5 Nxc5 18. b4
Nd7 19. Qb2 $16) 17. Qd1 $1 $14 Ne5 $4 18. Bxe5 Qxe5 19. Qd7 $18 {Akopian,
V-Ehlvest,J/Moscow olm /1994}) 14. O-O O-O 15. Rac1 Rac8 16. Qe2 Rfd8 17. Nb3 (
17. Nxe6 $2 fxe6 18. Qg4 Ne5 (18... e5 19. Qe6+ Kf8 20. f4 $44) 19. Qxe6+ Nf7
20. Qg4 g6 $17) 17... Ne5 (17... Nc5 $5 18. Qg4 e5 (18... Bf8 19. Nxc5 bxc5 20.
Bf6 Rd7 21. Rfd1 $14) 19. Bb4 Qb8 20. Nxc5 Bxc5 21. Bxc5 bxc5 $10) (17... Qb8
$5) 18. Bb4 (18. f4 $6 Qc4 19. Qxc4 Nxc4 $15) (18. Bd4 Nc4 19. Rfd1 e5 20. Be3
Rxd1+ 21. Rxd1 Nxe3 22. Qxe3 $15) 18... Qd7 19. Bxe7 Qxe7 20. f4 Nd7 21. e5 Nc5
$1 (21... Bxg2 22. Kxg2 b5 23. Qe3 $14) 22. Nxc5 Rxc5 23. Bxb7 Qxb7 24. Rxc5
bxc5 $10 25. Rd1 (25. Rc1 Rd5 {<->d}) 25... Rxd1+ 26. Qxd1 h6 27. Qd8+ Kh7 28.
Qd3+ g6 29. b3 Kg7 30. Qc4 Qf3 31. Qxc5 Qxb3 32. Qe7 Qd1+ 33. Kg2 Qe2+ 34. Kg1
Qd1+ 35. Kg2 a5 36. Qf6+ Kg8 37. Qe7 Qd2+ 38. Kh3 Qd5 39. Qe8+ Kg7 40. Qe7 Qa8
41. f5 gxf5 (41... exf5 42. Qf6+ Kg8 43. e6 Qe8 44. exf7+ Qxf7 45. Qd8+ Kg7 46.
Qxa5 $10) 42. Qf6+ Kg8 43. Qxh6 Qd5 44. Qf4 Kg7 45. Qg5+ Kf8 46. Qh6+ Kg8
1/2-1/2

[Event "Brno-A"]
[Site "Brno"]
[Date "1994.??.??"]
[Round "8"]
[White "Dreev, Alexey"]
[Black "Epishin, Vladimir"]
[Result "1/2-1/2"]
[WhiteElo "2650"]
[BlackElo "2650"]
[Annotator "Dautov,R"]
[PlyCount "51"]
[EventDate "1994.08.??"]
[EventType "tourn"]
[EventRounds "9"]
[EventCountry "CZE"]
[EventCategory "13"]
[SourceTitle "CBM 043"]
[Source "ChessBase"]
[SourceDate "1994.12.01"]
[SourceVersion "1"]
[SourceVersionDate "1994.12.01"]
[SourceQuality "1"]

1. d4 Nf6 2. c4 e6 3. Nf3 b6 4. a3 Bb7 5. Nc3 d5 6. Qc2 Be7 7. cxd5 Nxd5 8. Bd2
Nd7 9. e4 Nxc3 10. Bxc3 O-O 11. Rd1 c5 12. dxc5 $146 (12. Bb5 Qc8 13. d5 exd5
14. exd5 Ba6 15. a4 Bxb5 16. axb5 a6 17. O-O axb5 18. Qe2 b4 $10 {Bareev-Salov/
Linares/1993}) 12... Qc8 13. cxb6 axb6 14. Bb5 $1 (14. Be2 Nc5 15. Nd2 Na4 $44)
(14. Nd2 Bf6 15. Rc1 Bxc3 16. Qxc3 Nc5 $36 {Salov}) 14... Nc5 15. Rd4 $1 (15.
Nd2 $6 Bg5 16. f3 Ba6 17. Bxa6 Qxa6 18. Nb3 Na4 19. Bd4 Rac8 $36) 15... f5 (
15... Bf6 16. e5 Be7 17. O-O Bxf3 18. gxf3 $16) (15... Ba6 16. Bxa6 Qxa6 17.
Qe2 Na4 18. Qxa6 Rxa6 19. Bb4 $16) (15... Rd8 $5 16. Rb4 (16. Rxd8+ Bxd8 $44)
16... Ra5 17. Be2 Qa8 $36) 16. exf5 (16. e5 Bd5 (16... Ne4 $2 17. Bd7) (16...
Bxf3 17. gxf3 Qb7 18. Ke2 $16) 17. Bc4 (17. O-O Ne4 $44) 17... Bxc4 18. Rxc4 b5
19. Rd4 Ne4 $10) 16... Rxf5 (16... Bxf3 17. gxf3 Rxf5 18. Rg4 Bf6 19. Bxf6 Rxf6
20. Be2 $16 {/\0-0}) 17. Rg4 Bf8 18. Ne5 $6 (18. Be2 $142 $1 $16 {/\0-0}) 18...
Ba6 $132 19. Bxa6 (19. Qe2 Bxb5 20. Qxb5 Qc7 21. Qe2 (21. Nd3 Ne4) 21... Rxe5
22. Bxe5 Qxe5 23. Qxe5 Nd3+ 24. Ke2 Nxe5 $10) 19... Qxa6 20. Qe2 h5 $1 (20...
Rxe5 $2 21. Bxe5 Nd3+ 22. Kd2 Nxe5 23. Qxe5 Rd8+ 24. Rd4 $18) 21. Rc4 (21. Qxa6
Rxa6 22. Rh4 Rxe5+ $10) (21. Rg3 $2 Qxe2+ 22. Kxe2 Ne4) (21. Rg6 $2 Qxe2+ 22.
Kxe2 Kh7 23. Rg3 Ne4) 21... b5 22. Rb4 Na4 $10 23. Re4 (23. Rxb5 Nxc3 24. bxc3
Qxa3 25. O-O Qxc3 $10) 23... Nxc3 24. bxc3 Qxa3 25. O-O Qxc3 26. Ng6 1/2-1/2